000 00627nam a2200241Ia 4500
003 OSt
005 20221005114102.0
006 a|||||r|||| 00| 0
007 ta
008 221004b |||||||| |||| 00| 0 mal d
024 _a56789
037 _cTextual
040 _aCRL
_cCRL
_bmal
041 _2mal
_amal
082 _aO32,2NVL,1, J1
100 _aPillai Velayudan Au.
_9625427
245 0 _aAnarkal
260 _c1951
650 _a MALAYALAM LITERATURE
_938866
650 _aMALAYALAM FICTION
_9183428
942 _hO32,2NVL,1, J1
_cTEXL
_2cc
999 _c1030200
_d1030200